000 00341pam a2200157a 44500
008 230405s1998 xxu||||| |||| 00| 0 eng d
041 _aENG
100 _aManju Kooper
245 _aDifficult daughters
250 _a1
260 _a
_bPenguin Books
_c1998
300 _a262p,24cms
440 _a283
690 _aIMRDA
906 _a2803
999 _c255662
_d255662